Hidropolítica de las cuencas internacionales : (Registro nro. 5576)

Detalles MARC
000 -CABECERA
Campo de control 00832nam a2200229 a 4500
005 - FECHA Y HORA DE LA ULTIMA TRANSACCION
Campo de control 20180803165303.0
008 - ELEMENTOS DE LONGITUD FIJA—INFORMACION GENERAL
Campo de control 160304b2002 cr bd |r 00| 0 spa d
020 ## - ISBN
ISBN 9968875112
040 ## - FUENTE DE CATALOGACIÓN
Agencia catalogadora original CO-BoIAVH
Agencia transcriptora CO-BoIAVH
041 0# - IDIOMA
Código de idioma para texto/pista de sonido o título separado Español
044 ## - PAÍS DE PUBLICACIÓN
País de publicación Costa Rica
082 04 - NUMERO DE CLASIFICACION DECIMAL DEWEY
Número de clasificación 551.48
Número del ítem H63c
245 00 - MENCION DE TITULO
Título Hidropolítica de las cuencas internacionales :
Parte restante del título la dinámica de seguridad, conflicto y cooperación /
Mención de responsabilidad editado por Alexander López Ramírez
260 ## - PUBLICACION, DISTRIBUCION, ETC. (PIE DE IMPRENTA)
Lugar de publicación, distribución, etc. San Jose (Costa Rica) :
Nombre del editor, distribuidor, etc. FUNPADEM,
Fecha de publicación, distribución, etc. 2002.
300 ## - DESCRIPCION FISICA
Extensión 32 páginas :
Otros detalles físicos mapas y tablas ;
Dimensiones 21 x 14 centímetros
650 #6 - ASIENTO SECUNDARIO DE MATERIA - TERMINO TEMATICO
Término temático o nombre geográfico como elemento de entrada Cuencas hidrográficas
9 (RLIN) 92255
650 #6 - ASIENTO SECUNDARIO DE MATERIA - TERMINO TEMATICO
Término temático o nombre geográfico como elemento de entrada Cuencas hidrográficas
Subdivisión general política de aguas
9 (RLIN) 63589
650 #6 - ASIENTO SECUNDARIO DE MATERIA - TERMINO TEMATICO
Término temático o nombre geográfico como elemento de entrada Política ambiental
9 (RLIN) 92286
650 #4 - ASIENTO SECUNDARIO DE MATERIA - TERMINO TEMATICO
Término temático o nombre geográfico como elemento de entrada Hidropolítica
9 (RLIN) 63591
700 1# - ASIENTO SECUNDARIO - NOMBRE PERSONAL
Nombre personal López Ramírez, Alexander
Término de relación editor
9 (RLIN) 46991
942 ## - ELEMENTOS ADICIONALES (KOHA)
Tipo de ítem Libro
Sistema de clasificación Dewey Decimal Classification
Existencias
Withdrawn status Lost status Sistema de Clasificación Damaged status No para préstamo Colección Inventariado Ubicación Permanente Ubicación actual Fecha de adquisición Fuente de Valor Total Checkouts Número topográfico Inventario / Código de Barras Date last seen Ejemplar Price effective from Forma de adquisición Tipo de material
    Dewey Decimal Classification     General Inventariado 2017 Bogotá Bogotá 07/06/2007 Doyle, Peter; López, Susana   LB-551.48 H63c 024471 04/12/2012 Ej.1 04/12/2012   Folleto